000 00323nam a2200121Ia 4500
008 240731s9999 xx 000 0 und d
022 _a2330-6351
245 0 _aAsia Pacific Translation and Intercultural Studies
260 _bRoutledge
856 _uhttps://www.tandfonline.com/loi/rtis20
942 _2ddc
942 _cTFEJ
999 _c75450
_d75450
945 _a1
_bMadushi Gamage
_c1
_dMadushi Gamage